समकालीन कविता की भूमिका (Record no. 3664)

MARC details
000 -LEADER
fixed length control field 01067 a2200217 4500
005 - DATE AND TIME OF LATEST TRANSACTION
control field 20080912102528.0
008 - FIXED-LENGTH DATA ELEMENTS--GENERAL INFORMATION
fixed length control field 080912t xxu||||| |||| 00| 0 hin d
010 ## - LIBRARY OF CONGRESS CONTROL NUMBER
LC control number HIN-79772
020 ## - INTERNATIONAL STANDARD BOOK NUMBER
International Standard Book Number 818674763x
Terms of availability 200.00
035 ## - SYSTEM CONTROL NUMBER
System control number HN-52118
037 ## - SOURCE OF ACQUISITION
Source of stock number/acquisition D.B.Act / pub
082 ## - DEWEY DECIMAL CLASSIFICATION NUMBER
Classification number 821.08
100 ## - MAIN ENTRY--PERSONAL NAME
Personal name मोहन
245 ## - TITLE STATEMENT
Title समकालीन कविता की भूमिका
Statement of responsibility, etc मोहन
246 ## - VARYING FORM OF TITLE
Remainder of title by Mohan
Title proper/short title Samkaleen Kavita ki Bhumika
260 ## - PUBLICATION, DISTRIBUTION, ETC. (IMPRINT)
Place of publication, distribution, etc दिल्ली
Name of publisher, distributor, etc अनंग प्रकाशन
Date of publication, distribution, etc 2005
270 ## - ADDRESS
Address बी-107/1,गली मंदिर वाली,उत्तरी घोड़ा(समीप रबड़ फैक्ट्री)
City दिल्ली
Postal code 110053
Telephone number 011-22199683
300 ## - PHYSICAL DESCRIPTION
Extent 134पृ
Dimensions 22 सेमी (सजिल्द)
942 ## - ADDED ENTRY ELEMENTS (KOHA)
Institution code [OBSOLETE] dpl
Koha item type Hindi Books
Call number prefix 821.08 / मोहन
Source of classification or shelving scheme Dewey Decimal Classification
Classification part 821.08
Call number suffix मोहन
Holdings
Withdrawn status Lost status Damaged status Not for loan Home library Current library Date acquired Cost, normal purchase price Total Checkouts Full call number Barcode Date last seen Copy number Uniform Resource Identifier Cost, replacement price Price effective from Koha item type
        D.B.Act.Division D.B.Act.Division 12/09/2008 200.00   821.08 मोहन HN-52118 15/09/2008 1 3900 200.00 15/09/2008 Hindi Books

© Delhi Public Library
Hit Counter
free hit counter